| 000 | 00394nam a2200157Ia 4500 | ||
|---|---|---|---|
| 008 | 130318s9999 xx 000 0 und d | ||
| 020 | _a997151284x | ||
| 082 | _a005.43 SIL/A | ||
| 100 | _aSilberschatz, Avi | ||
| 245 | _aApplied operating system concepts | ||
| 260 |
_bJW _aNew York _c2000 |
||
| 300 | _a840 | ||
| 650 | _aOPERATING SYSTEMS | ||
| 700 | _aGagne, Greg | ||
| 700 | _aGalvin, Peter | ||
| 999 |
_c270 _d270 |
||